000 00319nam a22001337a 4500
008 170817b xxu||||| |||| 00| 0 eng d
020 _a0697100510
041 _aeng
080 _a51
100 _a36
101 _aMAT
245 _aMATHEMATICS FOR MANAGEMENT SOCIAL LIFE SCIENCES
_cROLF.H.L
942 _2udc
_cBK
999 _c23903
_d23903